| 000 | 01261cab a22002415a 4500 | ||
|---|---|---|---|
| 001 | L143358 | ||
| 008 | 080429e20080425xxk f 000 0 eng d | ||
| 035 | _a(Sirsi) u143358 | ||
| 041 | 0 | _aeng | |
| 100 | 1 | _aBingham, Tony | |
| 245 | 0 | 0 | _aTen years of the Construction Act |
| 260 | _c2008 | ||
| 490 | 0 |
_aBuilding _v273(8526) 25 April 2008, 85-88(4) |
|
| 520 | _aProvides three viewpoints of the Housing Grants, Construction and Regeneration Act 1996 on its tenth anniversary. Discusses whether the Act has been a success, whether adjudication has led to less conflict in the construction industry, continuing payment problems, and proposed reforms to the payment provisions of the Act. Includes a case study of how a headteacher took on an adjudication and a timeline of the Act's life since it took effect in May 1998. | ||
| 590 | _aKA | ||
| 650 | 2 | 4 | _aHOUSING GRANTS, CONSTRUCTION AND REGENERATION ACT 1996 |
| 651 | 4 |
_aGreat Britain _y1707- |
|
| 690 | _aBUILT ENVIRONMENT-CONSTRUCTION MANAGEMENT-BUILDING CONTRACT ADMINISTRATION | ||
| 690 | _aMANAGEMENT-DISPUTE AVOIDANCE, MANAGEMENT AND RESOLUTION-DISPUTE MANAGEMENT AND RESOLUTION-ALTERNATIVE DISPUTE RESOLUTION-ADJUDICATION | ||
| 700 | 1 | _aHelps, Dominic | |
| 700 | 1 | _aKlein, Rudi | |
| 942 | _n0 | ||
| 999 |
_c80151 _d80151 |
||